[Event "AUT Bundesliga 2021-22"]
[Site "Graz"]
[Date "2022.03.26"]
[Round "8.26"]
[White "Blohberger, Felix"]
[Black "Schwabeneder, Florian"]
[Result "1-0"]
[WhiteElo "2503"]
[BlackElo "2437"]
[Annotator "TA"]
[PlyCount "73"]
[EventDate "2021.01.17"]
[EventType "team-tourn"]
[EventCountry "AUT"]
[SourceTitle "playchess.com"]
[Source "ChessBase"]
[SourceQuality "1"]

{[%evp 9,73,-40,-30,-123,-89,-79,-66,-116,0,-9,40,-37,25,35,33,22,28,30,27,28,22,32,59,17,31,29,79,36,83,36,56,39,153,50,46,54,47,62,61,66,73,69,60,68,68,66,73,46,58,46,56,0,0,0,0,0,174,25,25,33,26,4,686,682,29966,5206]} 1. e4 {Bangiev,A} e5 2. f4 exf4 3. Nf3 Ne7 4. d4 d5 5. e5 Ng6 6. c4 {[#] C34: King's Gambit Accepted: 3 Nf3: 3...Nf6 and 3...d6.} (6. h4 $11) 6... Bb4+ $146 ({Predecessor:} 6... dxc4 7. Bxc4 Be7 8. Nc3 O-O 9. Ne2 Nd7 10. Nxf4 Nb6 11. Nxg6 hxg6 12. Bb3 a5 13. a3 Nd5 14. h4 Bg4 15. Bg5 Re8 16. Bxe7 Rxe7 17. Qd2 Rd7 18. O-O Bxf3 {½-½ (18) Fedorov,A (2495)-Malaniuk,V (2615) Nikolaev 1995 CBM 047 [Bangiev,A]}) 7. Nc3 c5 8. Kf2 (8. cxd5 $15 Qxd5 9. Bb5+ Nc6 10. O-O Bxc3 11. bxc3) 8... Be6 (8... dxc4 $17 {Threatens to win with ...cxd4.} 9. Bxc4 O-O) 9. Nxd5 Ba5 (9... O-O $11) 10. Nxf4 (10. h4 $14 h5 11. b4 (11. dxc5 Na6 $14) (11. Nxf4 Nxf4 12. Bxf4 cxd4 $11) 11... Bxb4 12. Nxb4 (12. Nxf4 Nxf4 13. Bxf4 cxd4 $17) 12... cxb4 13. Bd3) 10... Nxf4 (10... cxd4 $15 11. Bd3 (11. Qxd4 Bb6 $15) (11. Nxe6 fxe6 12. Qxd4 Bb6 $15) 11... O-O) 11. Bxf4 $11 {[#] Strongly threatening d5.} cxd4 12. Bd3 ({Of course not} 12. Nxd4 Bb6 13. Be3 Nd7 $15) 12... h6 13. a3 Nc6 14. Rf1 Bc7 15. Kg1 f5 16. h4 {To avoid g5} (16. g4 $14) 16... Qd7 17. b4 Bd8 (17... O-O $11) 18. Qd2 (18. Qe1 $16) 18... Be7 (18... Qf7 $14 {is superior.}) 19. Rac1 {White is more active.} ({Better is} 19. Bg3 $16) 19... b6 20. Bc2 a5 (20... O-O $14) 21. Ba4 (21. b5 $16 Nd8 22. Nxd4) 21... axb4 $14 22. Bxc6 Qxc6 23. Nxd4 Bc5 24. axb4 Bxd4+ 25. Qxd4 Rd8 26. Qe3 O-O $1 27. b5 Qb7 28. Rc3 {[%cal Of4h6]} Kh7 29. Rfc1 Rc8 30. c5 (30. Bg3 $14) 30... bxc5 $11 31. Rxc5 Rxc5 32. Rxc5 Bd5 $2 {[#] To avoid Rc6} (32... Ra8 $11 {and Black is okay.}) 33. b6 (33. e6 $1 $18 {aiming for Qd4.} Rc8 34. e7) 33... Rc8 $1 34. Rxc8 Qxc8 35. e6 {[%cal Be5e6,Be6e7][%mdl 32] Hoping for Qe5.} Be4 $2 {[%mdl 8192]} (35... Qc2 $11 36. Qh3 Qb1+ 37. Kh2 Qe4) 36. e7 $18 {[%cal Ob6b7] White threatens b7! and mate.} Qd7 37. b7 {Weighted Error Value: White=0.33/Black=0.63} 1-0

[Event "AUT Bundesliga 2021-22"]
[Site "Graz"]
[Date "2022.03.26"]
[Round "8.27"]
[White "Leisch, Lukas"]
[Black "Froewis, Georg"]
[Result "1/2-1/2"]
[WhiteElo "2403"]
[BlackElo "2449"]
[Annotator "ChessBase"]
[PlyCount "80"]
[EventDate "2021.01.17"]
[EventType "team-tourn"]
[EventCountry "AUT"]
[SourceTitle "playchess.com"]
[Source "ChessBase"]
[SourceQuality "1"]
[TimeControl "40/5400+30:1800+30"]

1. c4 {[%emt 0:00:03]} e6 {[%emt 0:00:11]} 2. g3 {[%emt 0:00:06]} d5 {[%emt 0:00:43]} 3. Bg2 {[%emt 0:00:07]} Nf6 {[%emt 0:00:33]} 4. d4 {[%emt 0:00:07]} c6 {[%emt 0:00:19]} 5. Nf3 {[%emt 0:00:20]} dxc4 {[%emt 0:00:39]} 6. O-O {[%emt 0:00:17]} b5 {[%emt 0:01:41]} 7. Ne5 {[%emt 0:03:54]} Bb7 {[%emt 0:00:19]} 8. a4 {[%emt 0:00:10]} a6 {[%emt 0:08:28]} 9. axb5 {[%emt 0:10:06]} axb5 {[%emt 0:00:05]} 10. Rxa8 {[%emt 0:00:07]} Bxa8 {[%emt 0:00:02]} 11. Nc3 {[%emt 0:00:39]} Nd5 {[%emt 0:12:59]} 12. e4 {[%emt 0:09:24]} Nf6 {[%emt 0:08:24]} 13. f4 {[%emt 0:22:18]} Be7 {[%emt 0:02:50]} 14. g4 {[%emt 0:07:15]} Nfd7 {[%emt 0:06:07]} 15. Nxd7 {[%emt 0:05:22]} Nxd7 {[%emt 0:00:06]} 16. e5 {[%emt 0:00:55]} b4 {[%emt 0:09:42]} 17. Ne4 {[%emt 0:00:28]} c5 {[%emt 0:00:59]} 18. Be3 {[%emt 0:05:47]} O-O {[%emt 0:11:53]} 19. Nxc5 {[%emt 0:02:07]} Bxg2 {[%emt 0:02:38]} 20. Kxg2 {[%emt 0:02:12]} Qa8+ {[%emt 0:01:34]} 21. Qf3 {[%emt 0:00:45]} Nb6 {[%emt 0:00:58]} 22. Ne4 {[%emt 0:08:44]} f6 {[%emt 0:06:34]} 23. f5 {[%emt 0:02:09]} Nd5 {[%emt 0:06:55]} 24. Kh3 {[%emt 0:07:29]} c3 {[%emt 0:09:01]} 25. bxc3 {[%emt 0:00:16]} bxc3 {[%emt 0:01:34]} 26. exf6 {[%emt 0:00:54]} Bxf6 {[%emt 0:00:42]} 27. g5 {[%emt 0:03:53]} exf5 {[%emt 0:03:04]} 28. Nxc3 {[%emt 0:03:15]} Nxc3 {[%emt 0:01:11]} 29. gxf6 {[%emt 0:02:00]} Ne4 {[%emt 0:01:26]} 30. fxg7 {[%emt 0:00:21]} Rf7 {[%emt 0:00:31]} 31. Qf4 {[%emt 0:01:00]} Rxg7 {[%emt 0:01:04]} 32. Rg1 {[%emt 0:02:25]} Rxg1 {[%emt 0:00:46]} 33. Bxg1 {[%emt 0:00:02]} Qd5 {[%emt 0:00:23]} 34. Be3 {[%emt 0:01:30]} Nf6 {[%emt 0:00:34]} 35. Qe5 {[%emt 0:00:16]} Kf7 {[%emt 0:00:52]} 36. Qxd5+ {[%emt 0:00:26]} Nxd5 {[%emt 0:00:02]} 37. Bc1 {[%emt 0:00:22]} Kg6 {[%emt 0:00:20]} 38. Kg3 {[%emt 0:00:19]} Kf6 {[%emt 0:00:18]} 39. Kf3 {[%emt 0:00:33]} Ke6 {[%emt 0:00:27]} 40. Bf4 {[%emt 0:00:00]} Kf7 {[%emt 0:00:00]} 1/2-1/2

[Event "AUT Bundesliga 2021-22"]
[Site "Graz"]
[Date "2022.03.26"]
[Round "8.28"]
[White "Peyrer, Konstantin"]
[Black "Singer, Christoph"]
[Result "1/2-1/2"]
[WhiteElo "2301"]
[BlackElo "2345"]
[Annotator "ChessBase"]
[PlyCount "117"]
[EventDate "2021.01.17"]
[EventType "team-tourn"]
[EventCountry "AUT"]
[SourceTitle "playchess.com"]
[Source "ChessBase"]
[SourceQuality "1"]
[TimeControl "40/5400+30:1800+30"]

1. c4 {[%emt 0:00:14]} e6 {[%emt 0:00:08]} 2. Nf3 {[%emt 0:00:05]} d5 {[%emt 0:00:07]} 3. g3 {[%emt 0:00:11]} Nf6 {[%emt 0:00:12]} 4. Bg2 {[%emt 0:00:06]} dxc4 {[%emt 0:00:26]} 5. Qa4+ {[%emt 0:00:06]} c6 {[%emt 0:00:11]} 6. Qxc4 {[%emt 0:00:05]} b5 {[%emt 0:00:05]} 7. Qb3 {[%emt 0:00:22]} Bb7 {[%emt 0:00:59]} 8. d4 {[%emt 0:00:10]} a6 {[%emt 0:02:05]} 9. O-O {[%emt 0:04:50]} c5 {[%emt 0:04:10]} 10. dxc5 {[%emt 0:00:40]} Nbd7 {[%emt 0:00:37]} 11. Be3 {[%emt 0:03:06]} Nxc5 {[%emt 0:03:41]} 12. Qd1 {[%emt 0:00:18]} Be7 {[%emt 0:04:03]} 13. Qxd8+ {[%emt 0:08:41]} Rxd8 {[%emt 0:00:28]} 14. Rc1 {[%emt 0:00:04]} O-O {[%emt 0:25:47]} 15. Ne5 {[%emt 0:00:23]} Bxg2 {[%emt 0:12:49]} 16. Kxg2 {[%emt 0:00:06]} Rc8 {[%emt 0:00:16]} 17. Nd2 {[%emt 0:00:25]} Rfe8 {[%emt 0:12:00]} 18. Nb3 {[%emt 0:03:16]} Nxb3 {[%emt 0:06:25]} 19. axb3 {[%emt 0:00:04]} Rxc1 {[%emt 0:00:20]} 20. Rxc1 {[%emt 0:00:14]} Nd5 {[%emt 0:01:23]} 21. Bd2 {[%emt 0:02:01]} Bb4 {[%emt 0:05:20]} 22. Bxb4 {[%emt 0:02:25]} Nxb4 {[%emt 0:00:02]} 23. Rc7 {[%emt 0:00:22]} f6 {[%emt 0:05:42]} 24. Nc6 {[%emt 0:00:37]} Nxc6 {[%emt 0:00:12]} 25. Rxc6 {[%emt 0:00:05]} a5 {[%emt 0:08:39]} 26. Ra6 {[%emt 0:01:11]} Rc8 {[%emt 0:02:45]} 27. Rxa5 {[%emt 0:00:51]} Rc2 {[%emt 0:01:09]} 28. e3 {[%emt 0:00:19]} Rxb2 {[%emt 0:01:53]} 29. Rxb5 {[%emt 0:00:05]} Kf7 {[%emt 0:00:17]} 30. h4 {[%emt 0:00:47]} h5 {[%emt 0:00:17]} 31. Kf3 {[%emt 0:02:48]} e5 {[%emt 0:00:18]} 32. Rb8 {[%emt 0:01:03]} f5 {[%emt 0:00:57]} 33. b4 {[%emt 0:00:51]} e4+ {[%emt 0:00:32]} 34. Kg2 {[%emt 0:00:07]} Rb1 {[%emt 0:00:28]} 35. b5 {[%emt 0:00:58]} g6 {[%emt 0:00:45]} 36. b6 {[%emt 0:00:58]} Kg7 {[%emt 0:00:08]} 37. b7 {[%emt 0:00:37]} Kh7 {[%emt 0:00:05]} 38. f4 {[%emt 0:06:04]} Rb2+ {[%emt 0:00:09]} 39. Kf1 {[%emt 0:00:05]} Kg7 {[%emt 0:00:03]} 40. Ke1 {[%emt 0:00:00]} Kh7 {[%emt 0:00:00]} 41. Kd1 {[%emt 0:00:12]} Kg7 {[%emt 0:00:13]} 42. Kc1 {[%emt 0:00:08]} Rb6 {[%emt 0:00:15]} 43. Kc2 {[%emt 0:00:04]} Rc6+ {[%emt 0:01:59]} 44. Kb3 {[%emt 0:00:43]} Rb6+ {[%emt 0:02:57]} 45. Kc4 {[%emt 0:01:08]} Rb1 {[%emt 0:00:32]} 46. Kc5 {[%emt 0:00:24]} Rc1+ {[%emt 0:01:39]} 47. Kd6 {[%emt 0:00:06]} Rd1+ {[%emt 0:01:29]} 48. Ke7 {[%emt 0:02:30]} Rb1 {[%emt 0:00:31]} 49. Ke8 {[%emt 0:00:56]} Rb2 {[%emt 0:01:03]} 50. Kd8 {[%emt 0:00:48]} Rd2+ {[%emt 0:01:34]} 51. Kc7 {[%emt 0:01:27]} Rc2+ {[%emt 0:00:07]} 52. Kd6 {[%emt 0:00:04]} Rd2+ {[%emt 0:00:14]} 53. Ke6 {[%emt 0:00:25]} Rb2 {[%emt 0:00:19]} 54. Rd8 {[%emt 0:00:10]} Rxb7 {[%emt 0:01:47]} 55. Rd7+ {[%emt 0:00:05]} Rxd7 {[%emt 0:00:06]} 56. Kxd7 {[%emt 0:00:04]} Kf7 {[%emt 0:00:08]} 57. Kd6 {[%emt 0:00:04]} Kf6 {[%emt 0:00:09]} 58. Kd5 {[%emt 0:00:05]} Kf7 {[%emt 0:00:58]} 59. Kd6 {[%emt 0:00:03]} 1/2-1/2

[Event "AUT Bundesliga 2021-22"]
[Site "Graz"]
[Date "2022.03.26"]
[Round "8.29"]
[White "Webersberger, Johann"]
[Black "Steindl, Johannes"]
[Result "1/2-1/2"]
[WhiteElo "2321"]
[BlackElo "2237"]
[Annotator "ChessBase"]
[PlyCount "30"]
[EventDate "2021.01.17"]
[EventType "team-tourn"]
[EventCountry "AUT"]
[SourceTitle "playchess.com"]
[Source "ChessBase"]
[SourceQuality "1"]
[TimeControl "40/5400+30:1800+30"]

1. e4 {[%emt 0:00:02]} e5 {[%emt 0:00:04]} 2. Nf3 {[%emt 0:00:04]} Nc6 {[%emt 0:00:03]} 3. Bb5 {[%emt 0:00:14]} Nf6 {[%emt 0:00:13]} 4. O-O {[%emt 0:00:08]} Nxe4 {[%emt 0:00:05]} 5. d4 {[%emt 0:00:09]} Nd6 {[%emt 0:00:06]} 6. dxe5 {[%emt 0:00:19]} Nxb5 {[%emt 0:00:10]} 7. a4 {[%emt 0:00:05]} Nbd4 {[%emt 0:00:12]} 8. Nxd4 {[%emt 0:00:08]} Nxd4 {[%emt 0:00:08]} 9. Qxd4 {[%emt 0:00:08]} d5 {[%emt 0:00:08]} 10. exd6 {[%emt 0:00:25]} Qxd6 {[%emt 0:00:11]} 11. Qe3+ {[%emt 0:00:07]} Qe6 {[%emt 0:00:21]} 12. Qd4 {[%emt 0:00:12]} Qd6 {[%emt 0:00:11]} 13. Qe3+ {[%emt 0:00:08]} Qe6 {[%emt 0:00:06]} 14. Qd4 {[%emt 0:00:07]} Qd6 {[%emt 0:00:13]} 15. Qe4+ {[%emt 0:00:44]} Qe6 {[%emt 0:00:30]} 1/2-1/2

[Event "AUT Bundesliga 2021-22"]
[Site "Graz"]
[Date "2022.03.26"]
[Round "8.30"]
[White "Atzl, Florian"]
[Black "Schwabeneder, Alois"]
[Result "0-1"]
[WhiteElo "2206"]
[BlackElo "1884"]
[Annotator "ChessBase"]
[PlyCount "78"]
[EventDate "2021.01.17"]
[EventType "team-tourn"]
[EventCountry "AUT"]
[SourceTitle "playchess.com"]
[Source "ChessBase"]
[SourceQuality "1"]
[TimeControl "40/5400+30:1800+30"]

1. e4 {[%emt 0:00:03]} c6 {[%emt 0:00:20]} 2. d4 {[%emt 0:02:27]} d5 {[%emt 0:00:18]} 3. Nd2 {[%emt 0:00:10]} dxe4 {[%emt 0:00:53]} 4. Nxe4 {[%emt 0:00:08]} Nd7 {[%emt 0:02:23]} 5. Bd3 {[%emt 0:01:29]} Ngf6 {[%emt 0:00:47]} 6. c3 {[%emt 0:00:18]} Nxe4 {[%emt 0:00:45]} 7. Bxe4 {[%emt 0:00:06]} Nf6 {[%emt 0:00:07]} 8. Bc2 {[%emt 0:00:13]} Bg4 {[%emt 0:01:34]} 9. f3 {[%emt 0:05:52]} Bh5 {[%emt 0:00:23]} 10. Nh3 {[%emt 0:02:11]} Bg6 {[%emt 0:00:41]} 11. Bb3 {[%emt 0:03:38]} e6 {[%emt 0:04:42]} 12. O-O {[%emt 0:04:29]} Bd6 {[%emt 0:04:22]} 13. Kh1 {[%emt 0:09:32]} Qc7 {[%emt 0:05:05]} 14. Qe1 {[%emt 0:11:39]} Bd3 {[%emt 0:04:26]} 15. Rf2 {[%emt 0:06:05]} O-O-O {[%emt 0:10:20]} 16. Qg1 {[%emt 0:18:37]} h6 {[%emt 0:03:18]} 17. Bc2 {[%emt 0:01:26]} Bf5 {[%emt 0:05:18]} 18. Bxf5 {[%emt 0:08:13]} exf5 {[%emt 0:00:26]} 19. c4 {[%emt 0:00:22]} c5 {[%emt 0:02:18]} 20. b4 {[%emt 0:00:19]} cxd4 {[%emt 0:02:07]} 21. c5 {[%emt 0:01:07]} Be7 {[%emt 0:01:32]} 22. Bf4 {[%emt 0:02:08]} Qd7 {[%emt 0:00:41]} 23. Rd1 {[%emt 0:08:39]} Qe6 {[%emt 0:09:39]} 24. Qf1 {[%emt 0:01:54]} Nd5 {[%emt 0:05:44]} 25. Re2 {[%emt 0:04:19]} Qa6 {[%emt 0:07:16]} 26. Qe1 {[%emt 0:01:49]} Bf6 {[%emt 0:00:47]} 27. Red2 {[%emt 0:04:10]} Rhe8 {[%emt 0:02:32]} 28. Qf2 {[%emt 0:00:52]} g5 {[%emt 0:01:38]} 29. Bd6 {[%emt 0:00:18]} Re3 {[%emt 0:05:04]} 30. Ng1 {[%emt 0:01:35]} Rde8 {[%emt 0:01:12]} 31. Rb2 {[%emt 0:00:56]} Qc4 {[%emt 0:07:26]} 32. Qg3 {[%emt 0:00:37]} d3 {[%emt 0:01:34]} 33. Rb3 {[%emt 0:00:01]} Qc2 {[%emt 0:00:37]} 34. Rf1 {[%emt 0:01:04]} d2 {[%emt 0:01:36]} 35. Rbb1 {[%emt 0:00:34]} Nc3 36. Ra1 d1=Q {[%emt 0:02:09]} 37. Raxd1 {[%emt 0:00:21]} Nxd1 {[%emt 0:00:19]} 38. h4 {[%emt 0:01:11]} Qd3 {[%emt 0:01:13]} 39. Qh3 {[%emt 0:00:30]} g4 {[%emt 0:00:42]} 0-1

[Event "AUT Bundesliga 2021-22"]
[Site "Graz"]
[Date "2022.03.26"]
[Round "8.31"]
[White "Sadhwani, Raunak"]
[Black "Bluebaum, Matthias"]
[Result "1-0"]
[WhiteElo "2616"]
[BlackElo "2642"]
[Annotator "TA"]
[PlyCount "69"]
[EventDate "2021.01.17"]
[EventType "team-tourn"]
[EventCountry "AUT"]
[SourceTitle "playchess.com"]
[Source "ChessBase"]
[SourceQuality "1"]

{[%evp 22,69,22,13,20,17,24,0,26,18,14,0,50,43,49,46,49,0,0,0,89,73,123,121,124,125,114,114,122,115,144,157,704,500,518,504,497,476,516,541,512,554,741,550,519,526,470,455,379,365]} 1. e4 e5 2. Nf3 Nf6 3. Nxe5 d6 4. Nf3 Nxe4 5. d4 d5 6. Bd3 Bd6 7. O-O O-O 8. c4 c6 9. Nc3 Nxc3 10. bxc3 dxc4 11. Bxc4 Bg4 12. h3 Bh5 {C42: Petroff Defence: 3 Nxe5 and unusual White 3rd moves.} 13. g4 $1 {[%mdl 4] is now more promising than 13.Re1.} Bg6 14. Ne5 Bxe5 {The position is equal.} 15. dxe5 {Threatening Ba3.} Qa5 {[%csl LRc3,LRe5] Prevents Ba3.} 16. f4 {[#] aiming for f5.} Rd8 $146 (16... Qxc3 17. Qb3 $1 Qxb3 18. Bxb3 $16) ({Black should play} 16... b5 $11 17. Be2 Qxc3) ({Predecessor:} 16... b5 17. Be2 Qxc3 18. Qb3 Qxb3 19. axb3 Be4 20. b4 Nd7 21. Be3 Nb6 22. Kf2 Na4 {1-0 (38) Azarov,S (2598)-Khusnutdinov,R (2484) Chess.com INT 2021}) 17. Qb3 $14 {Threatens to win with f5.} b5 18. Be2 Bd3 {[#]} 19. Bxd3 (19. e6 $1 $14 {was preferrable.} Qb6+ 20. Rf2 Bxe2 21. exf7+ Kh8 22. Qe6) 19... Rxd3 $11 20. e6 Qc7 (20... Na6 $11 {remains equal.}) 21. Ba3 $16 {Hoping for Rad1.} Rd5 {[#]} (21... Rxh3 $2 22. Rad1 Na6 23. Kg2 $18) (21... Na6 $142) 22. Rae1 $1 {[%cal Ba1e1,Be1e6,Be6c6][%mdl 32] e7 is the strong threat. White is more active.} fxe6 23. Rxe6 $40 {[%mdl 128] Re8+ would kill now. Black is in trouble.} Nd7 {[#]} 24. c4 $1 ({Don't play} 24. Re7 $6 Qb6+ 25. Kh2 Kh8 $11) 24... bxc4 25. Qxc4 Nb6 26. Qe4 ({Resist} 26. Qxc6 $6 Qxc6 27. Rxc6 Rd3 $14) 26... h6 $2 {Loses the game.} (26... Qd8 $16 27. Bb2 (27. Rxc6 Rd3 $16) 27... Rd2) 27. Bb2 ({Weaker is} 27. Re7 Rd7 $16) 27... Rd7 {To avoid Re7} 28. Rxc6 Qb7 29. Qe6+ Rf7 30. g5 hxg5 31. fxg5 {White wants to mate with g6.} Qd7 32. Rxf7 Qxf7 33. Qxf7+ Kxf7 34. g6+ Ke7 35. Bxg7 {Weighted Error Value: White=0.25 (precise) /Black=0.17 (very precise)} 1-0

[Event "AUT Bundesliga 2021-22"]
[Site "Graz"]
[Date "2022.03.26"]
[Round "8.32"]
[White "Nisipeanu, Liviu-Dieter"]
[Black "Markus, Robert"]
[Result "1/2-1/2"]
[WhiteElo "2652"]
[BlackElo "2625"]
[Annotator "TA"]
[PlyCount "126"]
[EventDate "2021.01.17"]
[EventType "team-tourn"]
[EventCountry "AUT"]
[SourceTitle "playchess.com"]
[Source "ChessBase"]
[SourceQuality "1"]

{[%evp 18,126,35,39,38,35,35,37,43,40,28,25,47,29,44,41,41,41,39,43,41,41,39,37,43,37,40,37,35,33,49,49,58,60,71,71,71,71,72,67,83,83,83,83,88,83,111,109,109,109,111,105,107,109,111,111,111,111,111,111,109,107,109,97,97,95,92,89,95,92,86,62,65,43,91,83,90,68,69,61,61,61,62,47,47,47,62,62,62,62,62,37,37,37,61,61,69,37,37,37,37,37,37,37,37,37,37,37,37,37,37]} 1. e4 e5 2. Nf3 Nf6 3. d4 exd4 4. e5 Ne4 5. Qxd4 d5 6. exd6 Nxd6 7. Nc3 Nc6 8. Qf4 Bf5 9. Bb5 Qe7+ 10. Be3 {aiming for 0-0-0.} Nxb5 {C43: Petroff Defence: 3 d4.} (10... Bxc2 $2 {[#]} 11. Nd5 $1 Qd7 12. Ne5 $1 $18) 11. Nxb5 Qb4+ 12. Qxb4 Bxb4+ 13. c3 Bd6 14. O-O-O {[#]} Be6 $146 ({Predecessor:} 14... O-O-O 15. Nxd6+ cxd6 16. Nd4 Nxd4 17. Bxd4 Kc7 18. Bxg7 Rhg8 19. Bf6 Rde8 20. g3 Re2 {½-½ (58) Hassan,S (2397)-Hassan,T (2259) Tanta 2000}) 15. b3 Rd8 16. Rhe1 {[%cal Bh1e1,Be1d1,Bd1d4][%mdl 32]} O-O 17. Nxd6 ({Of course not} 17. Nxa7 Nxa7 18. Bxa7 Ra8 $17) 17... Rxd6 18. Rxd6 cxd6 19. Rd1 Rd8 20. Nd4 Nxd4 21. Rxd4 $14 {[%mdl 4096] Endgame KRB-KRB} a6 22. Bf4 d5 23. a4 b5 24. Kb2 Rc8 25. Bd2 Kf8 26. axb5 axb5 27. Ka3 Ke7 28. Kb4 Rb8 29. Bf4 Rb7 30. Be3 h5 31. Rd2 g6 32. Bd4 Bf5 33. Bc5+ Ke6 34. Re2+ Kd7 35. h4 Kc6 36. Ra2 Bd3 37. Ra6+ Kc7 38. Bd6+ Kd8 39. f3 Bf1 40. Ra2 Kd7 41. Bf4 {White is more active.} Ke6 42. g4 f6 43. Ra6+ Kf7 44. gxh5 gxh5 45. Rd6 Ra7 (45... Re7 $14) 46. Rxd5 Ra2 47. Be3 {Inhibits Rf2.} Rb2 {White is slightly better.} 48. Rxh5 Bc4 $1 49. Bd4 ({Much weaker is} 49. Rh7+ Kg6 50. Rh8 (50. Rh6+ Kg7 $15) 50... Rxb3+ 51. Kc5 Rxc3 $11) 49... Rxb3+ 50. Kc5 Kg6 {To avoid Rh6+} 51. Rh8 Ra3 52. h5+ Kg7 53. Rd8 Kh6 54. Rd6 (54. Bxf6 $5 {[%cal Rd8h8]} Kxh5 55. Rh8+ Kg6 56. Rf8 $14) 54... Kxh5 55. Rxf6 Kg5 56. Rf8 Ra7 57. Be5 Kg6 58. Rf6+ Kg5 59. f4+ Kg4 60. Kd4 Rf7 61. Rg6+ Kf3 62. Rg5 Rd7+ 63. Kc5 Rd5+ {Weighted Error Value: White=0.04 (flawless) /Black=0.04 (flawless)} 1/2-1/2

[Event "AUT Bundesliga 2021-22"]
[Site "Graz"]
[Date "2022.03.26"]
[Round "8.33"]
[White "Korpa, Bence"]
[Black "Svane, Rasmus"]
[Result "1/2-1/2"]
[WhiteElo "2530"]
[BlackElo "2637"]
[Annotator "TA"]
[PlyCount "61"]
[EventDate "2021.01.17"]
[EventType "team-tourn"]
[EventCountry "AUT"]
[SourceTitle "playchess.com"]
[Source "ChessBase"]
[SourceQuality "1"]

{[%evp 9,61,4,8,12,14,0,0,0,0,0,0,-7,0,-7,0,0,0,0,0,0,0,-4,0,0,0,-4,0,0,0,0,0,0,0,0,0,0,0,0,0,0,0,0,0,0,0,0,0,0,0,0,0,0,0,0]} 1. d4 Nf6 2. Bf4 d5 3. e3 e6 4. c3 Bd6 5. Nf3 O-O {The position is equal.} 6. Nbd2 {[%cal Bb1d2,Bd2f3,Bf3g5][%mdl 32] D02: 1 d4 d5 2 Nf3 sidelines, including 2...Nf6 3 g3 and 2...Nf6 3 Bf4.} c5 7. Ne5 Nc6 {7...Qc7 deserves study.} 8. Bd3 Qc7 {[%cal Rc6e5]} 9. Ndf3 Ne7 10. Ng5 h6 11. h4 {[%cal Od1c2]} Nc6 {And now ...cxd4 would win.} (11... hxg5 12. hxg5 g6 13. gxf6 $18) 12. Ngf3 Nd7 {[%cal Rc6e5] [#]} 13. Qe2 $146 ({Predecessor:} 13. Nxd7 Bxd7 14. Bxd6 Qxd6 15. dxc5 Qxc5 16. e4 Rae8 17. O-O Qb6 18. Qe2 Ne7 19. Rfe1 Ng6 20. g3 Bc6 21. e5 {1-0 (41) Demchenko,A (2641)-Saravana,K (2312) Chess.com INT 2020}) 13... Ndxe5 14. dxe5 Nxe5 15. Nxe5 Bxe5 16. Bxe5 Qxe5 17. g4 d4 18. exd4 Qxe2+ 19. Kxe2 cxd4 20. cxd4 e5 21. dxe5 Re8 22. Kf3 Rxe5 23. Rhe1 Rxe1 24. Rxe1 $11 {[%cal Re1e8][%mdl 4096] [#] Endgame KRB-KRB} Be6 25. a3 Rd8 26. Rd1 {[%cal Od3h7] Threatens to win with Bh7+!} Kf8 27. Be2 Rxd1 28. Bxd1 g5 29. hxg5 hxg5 30. Ke4 Ke7 31. Kd4 {An interesting draw.  Weighted Error Value: White=0.01 (flawless) /Black=0.00 (flawless)} 1/2-1/2

[Event "AUT Bundesliga 2021-22"]
[Site "Graz"]
[Date "2022.03.26"]
[Round "8.34"]
[White "Wagner, Dennis"]
[Black "Schenk, Andreas"]
[Result "1/2-1/2"]
[WhiteElo "2584"]
[BlackElo "2431"]
[Annotator "TA"]
[PlyCount "60"]
[EventDate "2021.01.17"]
[EventType "team-tourn"]
[EventCountry "AUT"]
[SourceTitle "playchess.com"]
[Source "ChessBase"]
[SourceQuality "1"]

{[%evp 22,60,18,18,24,22,29,22,27,-4,0,0,0,-22,-14,-14,-14,-15,-20,-19,-19,-18,-20,-23,-15,-18,0,0,0,0,0,0,0,0,0,0,0,0,0,0,0]} 1. d4 Nf6 2. c4 e6 3. Nc3 Bb4 4. e3 O-O 5. Bd3 c5 6. Nge2 cxd4 7. exd4 d5 8. cxd5 Nxd5 9. a3 Be7 10. Nxd5 exd5 11. Nf4 Nc6 12. O-O ({Don't play} 12. Qh5 g6 13. Qxd5 Nxd4 $15) 12... Qd6 {E42: Nimzo-Indian: Rubinstein: 4...c5 5 Ne2.} 13. Be3 Bg5 {[#]} 14. Qh5 $146 {[%csl Gd3][%cal Rh5h7]} ({Predecessor:} 14. Nh5 Qh6 15. Qf3 Be6 16. Rad1 Na5 17. Nf4 Rad8 18. Rfe1 Bd7 19. Nxd5 Ba4 20. Rb1 {1-0 (29) Akobian,V (2438)-Abdelnabbi,I (2408) Abu Dhabi 2000}) 14... h6 15. g3 (15. Ne2 $5 {[%cal Re3g5]} g6 16. Qf3 $11) 15... Bxf4 16. Bxf4 Qf6 17. Be5 {A strong pair of Bishops.} Qg5 18. Qxg5 hxg5 19. Bb5 Bd7 20. Bxc6 Bxc6 21. Rfe1 Rfe8 22. f3 f6 23. Bd6 {The position is equal.} Kf7 24. Kf2 a5 25. Rxe8 Rxe8 26. Re1 Rxe1 27. Kxe1 $11 {KB-KB} Ke6 28. Bc7 a4 29. Kf2 Bb5 30. Ba5 Bc4 {An even fight not without its subleties.  Weighted Error Value: White=0.03 (flawless) /Black=0.02 (flawless)} 1/2-1/2